Эффективный метод построения псевдослучайных векторов, равномерно распределенных в гиперконусе; Известия Томского политехнического университета [Известия ТПУ]; Т. 316, № 5: Управление, вычислительная техника и информатика

Opis bibliograficzny
Parent link:Известия Томского политехнического университета [Известия ТПУ]/ Томский политехнический университет (ТПУ).— , 2000-
Т. 316, № 5: Управление, вычислительная техника и информатика.— 2010.— [С. 41-43]
1. autor: Рейзлин В. И. Валерий Израилевич
Streszczenie:Заглавие с титульного листа
Электронная версия печатной публикации
Разработан алгоритм эффективного получения псевдослучайных векторов, равномерно распределенных в n-мерном гиперконусе. Показана его более высокая эффективность по сравнению с методом исключения в случае больших n. Приведены результаты компьютерного эксперимента, подтверждающие теоретические построения.
Język:rosyjski
Wydane: 2010
Seria:Управление, вычислительная техника и информатика
Hasła przedmiotowe:
Dostęp online:http://www.lib.tpu.ru/fulltext/v/Bulletin_TPU/2010/v316/i5/07.pdf
Format: MixedMaterials Elektroniczne Rozdział
KOHA link:https://koha.lib.tpu.ru/cgi-bin/koha/opac-detail.pl?biblionumber=187121

MARC

LEADER 00000nla2a2200000 4500
001 187121
005 20231031173913.0
035 |a (RuTPU)RU\TPU\book\203044 
035 |a RU\TPU\book\203043 
090 |a 187121 
100 |a 20101110d2010 k y0rusy50 ca 
101 0 |a rus 
102 |a RU 
135 |a drnn ---uucaa 
181 0 |a i  
182 0 |a b 
200 1 |a Эффективный метод построения псевдослучайных векторов, равномерно распределенных в гиперконусе  |b Электронный ресурс  |f В. И. Рейзлин 
203 |a Текст  |c электронный 
215 |a 1 файл (531 Кб) 
225 1 |a Управление, вычислительная техника и информатика 
230 |a Электронные текстовые данные (1 файл : 531 Кб) 
300 |a Заглавие с титульного листа 
300 |a Электронная версия печатной публикации 
320 |a [Библиогр.: с. 43 (6 назв.)] 
330 |a Разработан алгоритм эффективного получения псевдослучайных векторов, равномерно распределенных в n-мерном гиперконусе. Показана его более высокая эффективность по сравнению с методом исключения в случае больших n. Приведены результаты компьютерного эксперимента, подтверждающие теоретические построения. 
337 |a Adobe Reader 
461 1 |0 (RuTPU)RU\TPU\book\176237  |t Известия Томского политехнического университета [Известия ТПУ]  |f Томский политехнический университет (ТПУ)  |d 2000- 
463 1 |0 (RuTPU)RU\TPU\book\202417  |x 1684-8519  |t Т. 316, № 5: Управление, вычислительная техника и информатика  |v [С. 41-43]  |d 2010  |p 192 с. 
610 1 |a псевдослучайные векторы 
610 1 |a равномерное распределение 
610 1 |a алгоритмы 
610 1 |a эффективность 
610 1 |a метод исключения 
610 1 |a труды учёных ТПУ 
610 1 |a электронный ресурс 
700 1 |a Рейзлин  |b В. И.  |c российский ученый, специалист в области гравитации, ядерной физики и численных методов  |c доцент Томского политехнического университета, кандидат физико-математических наук  |f 1948-  |g Валерий Израилевич  |2 stltpush  |3 (RuTPU)RU\TPU\pers\25409 
801 1 |a RU  |b 63413507  |c 20090623  |g PSBO 
801 2 |a RU  |b 63413507  |c 20211222  |g PSBO 
856 4 |u http://www.lib.tpu.ru/fulltext/v/Bulletin_TPU/2010/v316/i5/07.pdf 
942 |c CF